[Event "Teeside"]
[Site "Teeside"]
[Date "1972.??.??"]
[Round "8"]
[White "Parma, Bruno"]
[Black "Gheorghiu, Florin"]
[Result "1/2-1/2"]
[WhiteElo "2530"]
[BlackElo "2530"]

1.e4 c5 2.Nf3 Nc6 3.Bb5 g6 4.O-O Bg7 5.Re1 e5 6.Bxc6 dxc6 7.d3 Bg4 8.Nbd2 Nf6
9.h3 Bxf3 10.Qxf3 O-O 11.Nc4 Re8 12.a4 b6 13.b3 Qe7 14.Bb2 Nd7 15.Qg4 Nf6
16.Qh4 Nd7 17.Qxe7 Rxe7 18.g3  1/2-1/2

[Event "CAN-ch"]
[Site "Toronto"]
[Date "1972.??.??"]
[Round "1"]
[White "Kuprejanov, George"]
[Black "Smook, R."]
[Result "1-0"]
[WhiteElo "2365"]
[BlackElo "2200"]

1.e4 c5 2.Nf3 Nc6 3.Bb5 g6 4.O-O Bg7 5.c3 e5 6.b4 cxb4 7.cxb4 Nge7 8.Bb2 Qb6
9.Bxc6 Nxc6 10.a4 Qxb4 11.Ba3 Qa5 12.Qb3 Nd4 13.Nxd4 exd4 14.Bb4 Qd8 15.Qd5 d6
16.Bxd6 Qb6 17.e5 Be6 18.Qf3 Qc6 19.Qf4 h5 20.Qxd4 Rd8 21.Nc3 Bf8 22.Ne4 Bg7
23.Rac1 Qd5 24.Qe3 Rxd6 25.Nxd6+ Kf8 26.Rc5 Qa2 27.Rc7 Qxa4 28.Qf3 Qb3 29.Qf4 Qd5
30.d4 g5 31.Qxg5 Bh6 32.Qd8+ Kg7 33.Qf6+ Kg8 34.Re7 Bf8 35.Qg5+ Kh7 36.Qxh5+ Kg7
37.Qg5+ Kh7 38.Nf5 Qe4 39.Rxe6 Qxg2+ 40.Kxg2  1-0

[Event "CAN-ch"]
[Site "Toronto"]
[Date "1972.??.??"]
[Round "4"]
[White "Kuprejanov, George"]
[Black "Labelle, Jacques"]
[Result "1-0"]
[WhiteElo "2365"]
[BlackElo "2200"]

1.e4 c5 2.Nf3 Nc6 3.Bb5 g6 4.c3 Nf6 5.Qe2 Bg7 6.O-O O-O 7.Rd1 d6 8.d4 cxd4
9.cxd4 Bg4 10.Nc3 Rc8 11.Be3 d5 12.h3 dxe4 13.hxg4 exf3 14.Qxf3 Nb4 15.Rac1 Nfd5
16.Bg5 Nxc3 17.Rxc3 Nc6 18.Bxc6 Rxc6 19.Rxc6 bxc6 20.Qxc6 h6 21.Bh4 g5 22.Bg3 Qa5
23.Qc5 Qxc5 24.dxc5 Bxb2 25.c6 e6 26.c7 Bf6 27.Rb1  1-0

[Event "CAN-ch"]
[Site "Toronto"]
[Date "1972.??.??"]
[Round "8"]
[White "Kuprejanov, George"]
[Black "Biyiasas, Peter"]
[Result "1/2-1/2"]
[WhiteElo "2365"]
[BlackElo "2390"]

1.e4 c5 2.Nf3 Nc6 3.Bb5 d6 4.c3 Nf6 5.Qe2 Bd7 6.d4 cxd4 7.cxd4 Qb6 8.d5 Ne5
9.Bxd7+ Nexd7 10.O-O g6 11.Nc3 Bg7 12.Be3 Qa5 13.Bd4 O-O 14.a3 a6  1/2-1/2

[Event "CSR-ch"]
[Site "Trinec"]
[Date "1972.??.??"]
[Round "1"]
[White "Meduna, Eduard"]
[Black "Hort, Vlastimil"]
[Result "1-0"]
[WhiteElo "2285"]
[BlackElo "2605"]

1.e4 c5 2.Nf3 Nc6 3.Bb5 g6 4.O-O Bg7 5.c3 e5 6.d4 cxd4 7.cxd4 exd4 8.Bf4 a6
9.Bd3 d6 10.Nbd2 Ne5 11.Qa4+ Bd7 12.Qa3 Ne7 13.Nxd4 O-O 14.Rad1 N7c6 15.Nxc6 Bxc6
16.Nc4 Qh4 17.Nxe5 dxe5 18.Be3 Kh8 19.Bc5 Rfe8 20.f3 Bf8 21.Bc4 Bxc5+ 22.Qxc5 Qe7
23.Qd6 Kg7 24.b4 Rac8 25.Bb3 Qxd6 26.Rxd6 Red8 27.Rfd1 Rxd6 28.Rxd6 Kf8 29.Rf6 Rc7
30.g4 h6 31.h4 Rd7 32.g5 hxg5 33.hxg5 Ke7 34.Kf2 Kf8 35.Ke3 Ke8 36.Bc4 Rc7
37.Bb3 Rd7 38.a4 Rc7 39.Kd3 Rd7+ 40.Kc3 Rc7 41.Kb2 Rd7 42.a5 Rd2+ 43.Kc3 Rd7
44.Bc4 Rc7 45.Kb2 Kf8 46.Bd5 Bxd5 47.exd5 Rd7 48.Rb6 Rxd5 49.Rxb7 Rd2+ 50.Kc3 Rf2
51.b5 Rxf3+ 52.Kb4 Rf4+ 53.Kc5 Ra4 54.bxa6 Rxa5+ 55.Kb6 Ra1 56.a7 Kg7 57.Kc5 Ra4
58.Kb5 Ra3 59.Kb4 Ra1 60.Kc4 Ra4+ 61.Kd3 Rd4+ 62.Ke3 Ra4 63.Rc7  1-0

[Event "JUG-ch"]
[Site "Umag"]
[Date "1972.??.??"]
[Round "18"]
[White "Kurajica, Bojan"]
[Black "Komljenovic, Davor"]
[Result "1-0"]
[WhiteElo "2455"]
[BlackElo "2200"]

1.e4 c5 2.Nf3 Nc6 3.Bb5 g6 4.O-O Bg7 5.c3 Nf6 6.Re1 O-O 7.h3 d5 8.e5 Ne8
9.d4 c4 10.Bxc6 bxc6 11.b3 cxb3 12.axb3 Qb6 13.Ba3 Qd8 14.Bc5 a6 15.Nbd2 Nc7
16.Bb6 h6 17.b4 Qd7 18.Bxc7 Qxc7 19.Nb3 g5 20.Nc5 g4 21.hxg4 Bxg4 22.Rxa6 e6
23.Qa4 Rxa6 24.Nxa6 Qc8 25.Nh2 Bf5 26.Nc5 f6 27.exf6 Bxf6 28.g4 Bh7 29.Rxe6 Bh4
30.Qxc6 Bxf2+ 31.Kg2 Qxc6 32.Rxc6 Be1 33.Nf3 Bxc3 34.Nd7 Bxb4 35.Nxf8 Bxf8
36.Ne5 Bb4 37.Kf2 Bd2 38.Rc8+ Kg7 39.Rc7+ Kh8 40.Nd7 Bg5 41.Nf8 Be4 42.Ne6 Bh4+
43.Ke3 Bg3 44.Rd7 Bh2 45.Kf2 Kg8 46.Nc7 Bf4 47.Nxd5 Bg5 48.Nc7 Bc6 49.Rd6 Ba4
50.Ra6 Bd1 51.Kg3 Kf7 52.Ne6 Bf6 53.Kf4 Be2 54.Rb6 Bc4 55.g5 hxg5+ 56.Nxg5+ Ke7
57.Rb7+ Ke8 58.Ne4 Be7 59.Ke5 Kd8 60.d5 Ba3 61.Ra7 Bc1 62.Nd6 Be2 63.Nf7+ Kc8
64.d6 Bb2+ 65.Ke6 Bg4+ 66.Ke7  1-0

[Event "Hoogovens-B"]
[Site "Wijk aan Zee"]
[Date "1972.??.??"]
[Round "?"]
[White "Hecht, Hans Joachim"]
[Black "Krnic, Zdenko"]
[Result "1/2-1/2"]
[WhiteElo "2485"]
[BlackElo "2400"]

1.e4 c5 2.Nf3 Nc6 3.Bb5 e6 4.O-O Nge7 5.Re1 a6 6.Bf1 Ng6 7.c3 Be7 8.d4 d6
9.g3 e5 10.dxc5 dxc5 11.Qxd8+ Bxd8 12.Be3 b6 13.Nbd2 O-O 14.Nc4 Bg4 15.Ng5 f6
16.h3 Bc8 17.Nf3 Be6 18.a4 Rb8 19.Red1 Be7 20.Nd6 Rfd8 21.Nf5 a5 22.Nd2 Bf8
23.Nc4 Nge7 24.Nfd6 Nc8 25.Nb5 Rxd1 26.Rxd1 Rb7 27.Nca3 Kf7 28.Bc4 Bxc4 29.Nxc4 Ke6
30.f4 Rd7 31.f5+ Ke7 32.Rd5 Kd8 33.Rxd7+ Kxd7 34.g4 Nd8 35.g5 Nf7 36.gxf6 gxf6
37.Kf2 Ncd6 38.Nbxd6 Nxd6 39.Nxd6 Kxd6 40.Ke2 Kc6 41.Kd3 Bg7 42.Kc4 Bf8 43.Bd2 Bg7
44.b4 axb4 45.cxb4 cxb4 46.Bxb4  1/2-1/2

[Event "Australia op"]
[Site "Australia"]
[Date "1973.??.??"]
[Round "1"]
[White "Hay, Trevor"]
[Black "Jordan, William"]
[Result "1/2-1/2"]
[WhiteElo "2350"]
[BlackElo "2200"]

1.e4 c5 2.Nf3 Nc6 3.Bb5 g6 4.O-O Bg7 5.Re1 Nf6 6.c3 O-O 7.d4 cxd4 8.cxd4 a6
9.Bxc6 bxc6 10.Nc3 d6 11.Be3 Rb8 12.b3 Ng4 13.Bg5 h6 14.Bh4 c5 15.e5 g5 16.Bg3 cxd4
17.exd6 e5 18.Nd5 Qxd6 19.Ne3 Qg6 20.Nc4 Rb5 21.Nfxe5 Nxe5 22.Bxe5 Rd8 23.Bxg7 Kxg7
24.Rc1 d3 25.Qd2 Bb7 26.Re3 Qf5 27.Rd1 Rbd5 28.Nb2 Rd4 29.f3 a5 30.Rxd3 Rxd3
31.Nxd3 Kh7 32.Qc3 Ba6 33.Nf2 Rxd1+ 34.Nxd1 Qb1 35.Qd2 Bd3 36.Kf2 Kg6 37.Ne3 f5
38.Qxa5 f4 39.Qb6+ Kh5 40.g4+ fxg3+ 41.hxg3 Qxa2+ 42.Kg1 Qe2 43.g4+ Kh4 44.Ng2+ Kg3
45.Qd6+ Kxf3 46.Qxd3+ Qxd3 47.Ne1+ Ke2 48.Nxd3 Kxd3 49.Kf2  1/2-1/2

[Event "EU-chT"]
[Site "Bath"]
[Date "1973.??.??"]
[Round "5"]
[White "Parma, Bruno"]
[Black "Kunsztowicz, Uwe"]
[Result "1-0"]
[WhiteElo "2500"]
[BlackElo "2440"]

1.e4 c5 2.Nf3 Nc6 3.Bb5 g6 4.O-O Bg7 5.c3 Nf6 6.Re1 O-O 7.h3 a6 8.Bxc6 bxc6
9.d4 cxd4 10.cxd4 d6 11.Nc3 Nd7 12.Be3 Nb6 13.Qc1 a5 14.Bh6 Bb7 15.Ne2 c5
16.dxc5 Rc8 17.Bxg7 Kxg7 18.b4 Kg8 19.Qh6 Nd7 20.Ng5 Nf6 21.Rad1 Qc7 22.Nd4 axb4
23.Nde6  1-0

[Event "Buenos Aires CA"]
[Site "Buenos Aires"]
[Date "1973.??.??"]
[Round "3"]
[White "Schweber, Samuel"]
[Black "Emma, Jaime"]
[Result "1/2-1/2"]
[WhiteElo "2445"]
[BlackElo "2385"]

1.e4 c5 2.Nf3 Nc6 3.Bb5 g6 4.O-O Bg7 5.Re1 e5 6.c3 Nge7 7.Na3 O-O 8.Nc2 a6
9.Bxc6 Nxc6 10.d4 cxd4 11.cxd4 d6 12.h3 exd4 13.Ncxd4 Nxd4 14.Nxd4 Re8 15.Re2 b5  1/2-1/2

[Event "Canterbury"]
[Site "Canterbury"]
[Date "1973.??.??"]
[Round "1"]
[White "Wright, Daniel"]
[Black "Markland, Peter R"]
[Result "1/2-1/2"]
[WhiteElo "2200"]
[BlackElo "2405"]

1.e4 c5 2.Nf3 Nc6 3.Bb5 g6 4.O-O Bg7 5.Re1 Nf6 6.e5 Nd5 7.Nc3 Nc7 8.Bxc6 dxc6
9.h3 O-O 10.d3 Be6 11.Bg5 Qd7 12.Ne4 b6 13.Qd2 f5 14.exf6 exf6 15.Bh6 Rae8
16.Bxg7 Kxg7 17.a4 Bd5 18.Qc3 c4 19.Re3  1/2-1/2

[Event "FRG-ch International"]
[Site "Dortmund"]
[Date "1973.??.??"]
[Round "2"]
[White "Hecht, Hans Joachim"]
[Black "Spassky, Boris V"]
[Result "1-0"]
[WhiteElo "2485"]
[BlackElo "2660"]

1.e4 c5 2.Nf3 Nc6 3.Bb5 g6 4.O-O Bg7 5.Re1 Nf6 6.Nc3 O-O 7.Bxc6 bxc6 8.h3 d6
9.e5 Nd7 10.exd6 exd6 11.d3 Rb8 12.Bg5 f6 13.Bf4 Ne5 14.Rb1 Rb7 15.Ne4 Nf7
16.Bd2 Re8 17.Ba5 Qd7 18.Bc3 Re6 19.Qd2 Qd8 20.Ba5 Qf8 21.Bc3 d5 22.Ng3 Qd6
23.b3 Bh6 24.Rxe6 Bxe6 25.Qe2 Bd7 26.Re1 Bf8 27.Bb2 Bc8 28.Qd2 Kg7 29.Ba3 Qd8
30.Qc3 Rb5 31.d4 Qa5 32.Qxa5 Rxa5 33.Bxc5 Bxc5 34.dxc5 Kf8 35.Nd4 Nd8 36.Nge2 Rxc5
37.Nf4 Ra5 38.a4 Bd7 39.f3 c5 40.Nde6+ Nxe6 41.Nxe6+ Kg8 42.Nc7 d4 43.Ne6 c4
44.Nxd4 Kf7 45.Kf2 h5 46.h4 Rd5 47.Ke3 g5 48.g3 Re5+ 49.Kf2 cxb3 50.cxb3 Rxe1
51.Kxe1 Ke7 52.Kd2 Kd6 53.Kd3 Ke5 54.a5 a6 55.b4 Kd5 56.Kc3 gxh4 57.gxh4 Ke5
58.Kc4 Kd6 59.b5 axb5+ 60.Nxb5+ Ke5 61.Kc5 Bc8 62.Kb6 Bh3 63.a6 Bg2 64.f4+ Kxf4
65.Nd6 f5 66.Nb7 Kg3 67.a7 f4 68.a8=Q f3 69.Qb8+  1-0

[Event "FRG-ch International"]
[Site "Dortmund"]
[Date "1973.??.??"]
[Round "15"]
[White "Hecht, Hans Joachim"]
[Black "Parma, Bruno"]
[Result "1/2-1/2"]
[WhiteElo "2485"]
[BlackElo "2510"]

1.e4 c5 2.Nf3 Nc6 3.Bb5 g6 4.O-O Bg7 5.Re1 Nf6 6.Bxc6 dxc6 7.d3 O-O 8.Nc3 Ne8
9.Be3 b6 10.a4 a5 11.d4 cxd4 12.Bxd4 Bxd4 13.Nxd4  1/2-1/2

[Event "HUN-ch"]
[Site "?"]
[Date "1973.??.??"]
[Round "?"]
[White "Hazai, Laszlo"]
[Black "Lengyel, Levente"]
[Result "1/2-1/2"]
[WhiteElo "2200"]
[BlackElo "2450"]

1.e4 c5 2.Nf3 Nc6 3.Bb5 e6 4.O-O Nge7 5.Re1 a6 6.Bf1 d5 7.exd5 Nxd5 8.d4 Nf6
9.Be3 Be7 10.dxc5 Qxd1 11.Rxd1 Ng4 12.Bf4 Bxc5 13.Bg3 Nf6 14.Nbd2  1/2-1/2

[Event "HUN-ch"]
[Site "?"]
[Date "1973.??.??"]
[Round "?"]
[White "Sax, Gyula"]
[Black "Forintos, Gyozo V"]
[Result "1/2-1/2"]
[WhiteElo "2460"]
[BlackElo "2460"]

1.e4 c5 2.Nf3 Nc6 3.Bb5 d6 4.O-O Bg4 5.h3 Bh5 6.c3 a6 7.Bxc6+ bxc6 8.d4 cxd4
9.cxd4 e6 10.Re1 Nf6 11.g4 Bg6 12.d5 Qd7 13.Nc3 cxd5 14.exd5 Be7 15.Nd4 Nxd5
16.Nxd5 exd5 17.Bg5 f6 18.Bf4 O-O 19.Ne6 Rfe8 20.Qxd5 Bf7 21.Re2 Bf8 22.Rae1 Rad8
23.Nxf8 Rxe2 24.Rxe2 Bxd5 25.Nxd7 Rxd7 26.Rd2 Bxa2  1/2-1/2

[Event "NLD-ch"]
[Site "Leeuwarden"]
[Date "1973.??.??"]
[Round "4"]
[White "Scholl, Eduard C"]
[Black "Van der Vliet, Fred"]
[Result "1/2-1/2"]
[WhiteElo "2400"]
[BlackElo "2310"]

1.e4 c5 2.Nf3 Nc6 3.Bb5 g6 4.O-O Bg7 5.h3 Nf6 6.Nc3 O-O 7.e5 Ne8 8.Bxc6 dxc6
9.d3 Nc7 10.Re1 Ne6 11.a4 a5 12.Ne2 f5 13.Nf4 Nxf4 14.Bxf4 h6 15.h4 Be6 16.c4 Kh7
17.Qe2 Qb6 18.Qc2 Rad8 19.g3 Bg8 20.Kg2 e6 21.Rh1 Bf7 22.Rad1 Rd7 23.Rd2 Rfd8
24.Rhd1 Qc7 25.b3 Qb8 26.Qc3 Qc7 27.Qb2 Bg8 28.Be3 b6 29.Bf4 Bf7 30.Kg1 Kg8
31.Qc1 Kh7 32.Qc3 Kg8 33.Re1 Bf8 34.Qc2 Bg7 35.Qd1 Kh7 36.Qe2 Be8 37.Qe3 Bf8
38.Kh2 Bf7 39.Red1 Qb7 40.Qe2 Qc7 41.Rg1 Bg7 42.Rgd1  1/2-1/2

[Event "DSV-Turnier"]
[Site "Leipzig"]
[Date "1973.??.??"]
[Round "6"]
[White "Atanasov, Gospodin"]
[Black "Balashov, Yuri S"]
[Result "1/2-1/2"]
[WhiteElo "2440"]
[BlackElo "2580"]

1.e4 c5 2.Nf3 Nc6 3.Bb5 g6 4.O-O Bg7 5.Re1 Nf6 6.c3 O-O 7.d3 Qc7 8.Nbd2 d6
9.Nf1 a6 10.Ba4 b5 11.Bc2 b4 12.Bd2 a5 13.h3 bxc3 14.bxc3 e6 15.Nh4 d5 16.f4 c4
17.e5 cxd3 18.Bxd3 Nd7 19.Be3 Ne7 20.Rc1 Ba6 21.Bd4 Bxd3 22.Qxd3 Rfc8 23.Nd2 Nb6
24.g4 Nc4 25.Ndf3 Nc6 26.Bf2 Rab8 27.Re2 Rb2 28.Ng2 Rcb8 29.Ne3 Rxe2 30.Qxe2 Rb2
31.Rc2 Rb1+ 32.Kg2 Nxe3+ 33.Bxe3 Qb7 34.c4 g5 35.Rd2 gxf4 36.Bxf4 dxc4 37.Qxc4 Bxe5
38.Bh6 Rb2 39.Qe4 Rxd2+ 40.Bxd2 Bg7 41.Kg3 Qd7 42.Bxa5 Nxa5 43.Qa8+ Bf8 44.Qxa5 Bd6+
45.Kg2 Bf4 46.Qa8+ Kg7 47.Qe4 Qc7  1/2-1/2

[Event "DSV-Turnier"]
[Site "Leipzig"]
[Date "1973.??.??"]
[Round "6"]
[White "Lutikov, Anatoly S"]
[Black "Liebert, Heinz"]
[Result "1-0"]
[WhiteElo "2520"]
[BlackElo "2485"]

1.e4 c5 2.Nf3 Nc6 3.Bb5 g6 4.c3 Nf6 5.e5 Nd5 6.O-O Bg7 7.d4 cxd4 8.cxd4 O-O
9.Qb3 Nc7 10.Be2 d6 11.Rd1 Bg4 12.Nc3 dxe5 13.Nxe5 Bxe2 14.Nxe2 Qd5 15.Qxd5 Nxd5
16.Nxc6 bxc6 17.Bd2 Rab8 18.Rab1 c5 19.dxc5 Bxb2 20.Nf4 Nxf4 21.Bxf4 e5 22.Bh6 Rfc8
23.c6 Bd4 24.Rb7 f6 25.Rc1 g5 26.Rc4 e4 27.g4 Be5 28.Rg7+ Kh8 29.Rxa7 e3
30.fxe3 Rb1+ 31.Kg2 Rb2+ 32.Kf3 Rxh2 33.Bg7+ Kg8 34.Rd7 Rxa2 35.c7 Raa8 36.Rc6 Re8
37.Bxf6  1-0

[Event "DSV-Turnier"]
[Site "Leipzig"]
[Date "1973.??.??"]
[Round "9"]
[White "Hennings, Artur"]
[Black "Jansa, Vlastimil"]
[Result "1/2-1/2"]
[WhiteElo "2435"]
[BlackElo "2475"]

1.e4 c5 2.Nf3 Nc6 3.Bb5 e6 4.Bxc6 bxc6 5.c4 Ne7 6.Nc3 Ng6 7.d4 cxd4 8.Qxd4 d6
9.Bg5 Qc7 10.O-O h6 11.Be3 Be7 12.Rfe1 O-O 13.Rac1 Kh7 14.Qd3 Kh8 15.b3 c5
16.Rcd1 Bb7 17.Nd2 Rad8 18.Nf1 Qc6 19.f3 Bf6 20.Ng3 Qc7 21.Qc2 a6 22.Nce2 Be5
23.Rf1 Bxg3 24.hxg3 Rfe8 25.Nf4 Nxf4 26.Bxf4 Qc6 27.Rfe1 Kg8 28.g4 Rd7 29.Rd3 Red8
30.Red1 Qb6 31.Be3 Qc7 32.Qf2 Qc6 33.Kh1 f6 34.Qc2 Qc7 35.Qc3 Kf7 36.Bf4 Qb6
37.Qd2 d5 38.cxd5 exd5 39.exd5 Rxd5 40.Rxd5 Rxd5 41.Qc2 Rxd1+ 42.Qxd1 Qc6  1/2-1/2

[Event "CSR-ch"]
[Site "Luhacovice"]
[Date "1973.??.??"]
[Round "13"]
[White "Kholmov, Ratmir D"]
[Black "Minev, Nikolay N"]
[Result "1/2-1/2"]
[WhiteElo "2550"]
[BlackElo "2430"]

1.e4 c5 2.Nf3 Nc6 3.Bb5 g6 4.O-O Bg7 5.d3 d6 6.Nbd2 Bd7 7.c3 Nf6 8.Re1 O-O
9.Nf1 Ne8 10.Ne3 Nc7 11.Ba4 b5 12.Bb3 e5 13.a4 a6 14.Nd5 Nxd5 15.Bxd5 Rb8
16.axb5 axb5 17.Bg5 Qc7 18.Qd2 Kh8 19.Bh6 Ne7 20.Bb3 f6 21.Be3 Ra8 22.h3 Bc6
23.Nh2 f5 24.Rxa8 Rxa8 25.Bg5 Rf8 26.f3 Ng8 27.Ra1 Nf6 28.Be6 Nh5 29.Nf1 f4
30.Bh4 Ra8 31.Rxa8+ Bxa8 32.b4 Bf6 33.Bf2 Ng7 34.Bb3 Be7 35.Qa2 Bc6 36.Bd5 Bxd5
37.Qxd5 Nh5 38.Qf7 Qd8 39.Nd2 cxb4 40.cxb4 Nf6 41.Nb3 Qe8 42.Qxe8+ Nxe8 43.Na5 Kg7
44.Nc6 Kf7 45.Bb6 Ke6 46.Ba5 d5 47.exd5+ Kd6 48.Na7 Kxd5 49.Nxb5 Nd6 50.Nxd6 Bxd6
51.Kf2 Kc6 52.Ke2 Kb5 53.d4 exd4 54.Kd3 Be5 55.Bd8 Kxb4 56.Bb6 Kb5 57.Bxd4 Bd6
58.Ke4 Kc6 59.Be5 Bf8 60.Bxf4 Kd7 61.Kd5 h5 62.Be5 Be7  1/2-1/2

[Event "Madrid"]
[Site "Madrid"]
[Date "1973.??.??"]
[Round "7"]
[White "Kaplan, Julio P"]
[Black "Bellon Lopez, Juan Manuel"]
[Result "1-0"]
[WhiteElo "2455"]
[BlackElo "2400"]

1.e4 c5 2.Nf3 Nc6 3.Bb5 g6 4.O-O Bg7 5.Re1 e5 6.Bxc6 dxc6 7.d3 Qd6 8.Nbd2 Be6
9.b3 Ne7 10.Nc4 Qc7 11.a4 b6 12.Be3 f6 13.a5 b5 14.Nb2 Qd6 15.Qd2 Bf8 16.c4 g5
17.Rec1 Rc8 18.Rc2 Ng6 19.Rac1 Nf4 20.cxb5 Bg4 21.Bxc5 Qe6 22.Qe3 Bh6 23.Ne1 cxb5
24.Bb4 Ne2+ 25.Rxe2 Rxc1 26.f3 Rb1 27.fxg4 Qxb3 28.Qc5 Kf7 29.Qe7+ Kg6 30.Rf2 Bg7
31.h4 h6 32.h5+ Kh7 33.Rxf6 Rg8 34.Rg6 Qxb2 35.Qf7 Kh8 36.Bf8 Rxe1+ 37.Kh2 Rh1+
38.Kxh1 Qc1+ 39.Kh2 Qf4+ 40.Qxf4 gxf4 41.Bxg7+ Rxg7 42.Rxh6+ Kg8 43.a6 Rxg4
44.Rb6 Rg3 45.Rxb5 Rxd3 46.Rb7 Rd2 47.Kh3 Rd3+ 48.Kh4 Rd4 49.Rxa7 Rxe4 50.Rb7  1-0

[Event "Sao Paulo"]
[Site "Sao Paulo"]
[Date "1973.??.??"]
[Round "4"]
[White "Hug, Werner"]
[Black "Kagan, Shimon"]
[Result "1-0"]
[WhiteElo "2440"]
[BlackElo "2405"]

1.e4 c5 2.Nf3 Nc6 3.Bb5 e6 4.O-O Nge7 5.c3 a6 6.Ba4 b5 7.Bc2 d5 8.d4 cxd4
9.Nxd4 Nxd4 10.cxd4 Bb7 11.e5 Nc6 12.Nc3 Qb6 13.Be3 g6 14.Ne2 Be7 15.Rc1 Rc8
16.Bb1 Rc7 17.Nf4 Na5 18.Rxc7 Qxc7 19.b3 Nc6 20.Qg4 Bc8 21.Rc1 Bd7 22.Nd3 Qa5
23.Qd1 Ba3 24.Rc2 h6 25.Nc5 Bxc5 26.Rxc5 Qb4 27.h3 g5 28.Kh2 Qa5 29.Qf3 Qd8
30.Qh5 Qe7 31.Rc1 Kd8 32.Qf3 Kc7 33.Qg3 Kb7 34.f4 gxf4 35.Qxf4 Be8 36.Rf1 h5
37.Qf6 Qxf6 38.Rxf6 Kc7 39.Kg3 Kd7 40.Kf2 Ke7 41.Bg5 Kf8 42.Ke3 a5 43.h4 a4
44.Rh6 Rxh6 45.Bxh6+ Kg8 46.Bg5 axb3 47.axb3 Kf8 48.Bf6 b4 49.g4 Ne7 50.Bxe7+ Kxe7
51.gxh5 Kf8 52.Kf4 Bb5 53.Kg5 Be2 54.Bc2 Bf3 55.h6 Kg8 56.Kf6 Be4 57.Bd1 Bg6
58.Ke7 Kh7 59.h5 Bf5 60.Kxf7 Kxh6 61.Kf6 Bh3 62.Ke7 Kg5 63.Kd6 Kf4 64.Kc5 Ke3
65.h6 Bf5 66.Bg4  1-0

[Event "URS-JUG"]
[Site "Tbilisi"]
[Date "1973.??.??"]
[Round "2"]
[White "Parma, Bruno"]
[Black "Taimanov, Mark E"]
[Result "1/2-1/2"]
[WhiteElo "2500"]
[BlackElo "2585"]

1.e4 c5 2.Nf3 Nc6 3.Bb5 Nf6 4.Nc3 Nd4 5.e5 Nxb5 6.Nxb5 Nd5 7.O-O a6 8.Nc3 Nxc3
9.dxc3 d5 10.exd6 Qxd6 11.Qxd6 exd6 12.Re1+ Be6 13.Ng5 Kd7 14.Nxe6 fxe6 15.Bf4 Be7
16.Rad1 Rhf8 17.Bg3 Rac8 18.Re4 Rc6 19.Rde1 d5 20.R4e2 Bf6 21.Be5 b5 22.Re3 b4
23.Rh3 h6 24.Bxf6 Rxf6 25.Kf1 Kd6 26.Re2 a5 27.cxb4 axb4 28.a3 Rb6 29.Rb3 Kc6
30.axb4 Rxb4 31.Rxb4 cxb4 32.Re1 Kd6 33.Ra1 Rf4 34.Ke2 g5 35.Ra8 h5 36.Rg8 g4
37.Rh8 Rc4 38.Kd2 Rf4 39.Ke2  1/2-1/2

[Event "URS-JUG"]
[Site "Tbilisi"]
[Date "1973.??.??"]
[Round "4"]
[White "Parma, Bruno"]
[Black "Taimanov, Mark E"]
[Result "1/2-1/2"]
[WhiteElo "2500"]
[BlackElo "2585"]

1.e4 c5 2.Nf3 Nc6 3.Bb5 g6 4.O-O Bg7 5.Re1 e5 6.Bxc6 bxc6 7.d3 d6 8.c3 Ne7
9.d4 cxd4 10.cxd4 exd4 11.Nxd4 O-O 12.Nc3 Bb7 13.Bf4 Re8 14.Qd2 Nc8 15.Rad1 Nb6
16.Nb3 d5 17.exd5 Nxd5 18.Nxd5 Qxd5  1/2-1/2

[Event "URS-ch sf"]
[Site "Tbilisi"]
[Date "1973.??.??"]
[Round "4"]
[White "Makarichev, Sergey"]
[Black "Vasiukov, Evgeni"]
[Result "0-1"]
[WhiteElo "2390"]
[BlackElo "2560"]

1.e4 c5 2.Nf3 Nc6 3.Bb5 g6 4.O-O Nf6 5.Re1 Bg7 6.c3 O-O 7.d4 cxd4 8.cxd4 d5
9.e5 Ne4 10.Nc3 Nxc3 11.bxc3 Bd7 12.a4 Rc8 13.Ng5 e6 14.Qg4 h6 15.Nf3 Ne7
16.Bd2 Bxb5 17.axb5 Qb6 18.Reb1 Rc4 19.Qh3 Rfc8 20.Ne1 h5 21.Qd3 Nf5 22.Nc2 Bh6
23.Be1 Ra8 24.Na3 Rcc8 25.Nc2 Bg5 26.Rb4 Kg7 27.Qf1 Be7 28.Rba4 f6 29.exf6+ Bxf6
30.Qe2 Re8 31.Ne3 Nd6 32.Ra5 Rec8 33.Qa2 Rc7 34.Rxa7 Rxa7 35.Qxa7 Qxa7 36.Rxa7 Nxb5
37.Ra4 Nxc3 38.Bxc3 Rxc3 39.Kf1 Rb3 40.Ke2 Rb2+ 41.Kf3 g5 42.g4 h4 43.h3 Kf7
44.Nf1 Ke7 45.Nh2 b5 46.Ra7+ Kd6 47.Ra6+ Kd7 48.Ra7+ Kc8 49.Ke3 Rb3+ 50.Ke2 Bxd4
51.Re7 Rb2+  0-1

[Event "URS-ch sf"]
[Site "Tbilisi"]
[Date "1973.??.??"]
[Round "7"]
[White "Dvorietzky, Mark I"]
[Black "Dzindzichashvili, Roman"]
[Result "1/2-1/2"]
[WhiteElo "2485"]
[BlackElo "2520"]

1.e4 c5 2.Nf3 Nc6 3.Bb5 Nf6 4.Nc3 g6 5.O-O Bg7 6.e5 Ng4 7.Bxc6 dxc6 8.Re1 O-O
9.d3 Nh6 10.h3 Nf5 11.Ne4 b6 12.a4 Nd4 13.a5 Bf5 14.Bf4 h6 15.Nxd4 Qxd4 16.Qc1 Kh7
17.Bd2 Qd5 18.Bc3 c4 19.dxc4 Qxc4 20.Qf4 Bxe4 21.Rxe4 Qd5 22.Qg4 h5 23.Qe2 Rfd8
24.Re3 Qb5 25.Qxb5 cxb5 26.e6 f5 27.axb6 axb6 28.Rxa8 Rxa8 29.g3 Rc8 30.Bb4 Bf6
31.c3 g5 32.Rd3 Rc6 33.Rd5 Kg6 34.Rxb5 Rxe6 35.Kf1 g4 36.hxg4 hxg4 37.Rd5 Bg5  1/2-1/2

[Event "URS-ch sf"]
[Site "Tbilisi"]
[Date "1973.??.??"]
[Round "10"]
[White "Vasiukov, Evgeni"]
[Black "Gufeld, Eduard"]
[Result "1-0"]
[WhiteElo "2560"]
[BlackElo "2500"]

1.e4 c5 2.Nf3 Nc6 3.Bb5 Nf6 4.Qe2 e6 5.Bxc6 bxc6 6.O-O Be7 7.d3 O-O 8.Re1 Ne8
9.Nbd2 f6 10.e5 fxe5 11.Nxe5 Nc7 12.Nb3 Qe8 13.f4 d6 14.Nc4 Nd5 15.Rf1 Bd7
16.Bd2 Rf6 17.Rf2 Qg6 18.Raf1 Raf8 19.a3 h6 20.Nba5 Qe8 21.g3 R6f7 22.Ne3 Bf6
23.Nac4 Qe7 24.c3 Nb6 25.Bc1 Nxc4 26.Nxc4 e5 27.fxe5 Bxe5 28.Nxe5 Rxf2 29.Rxf2 Rxf2
30.Kxf2 dxe5 31.Qf3 Qe6 32.Be3 Qf5 33.Qxf5 Bxf5 34.Bxc5 a6 35.d4 Kf7 36.Ke3 exd4+
37.Kxd4 Ke6 38.Bf8 Kf7 39.Bd6 Ke6 40.Kc5 Kd7 41.Bf8 h5 42.Bxg7 Bg4 43.Be5  1-0

[Event "IBM"]
[Site "Amsterdam"]
[Date "1974.??.??"]
[Round "1"]
[White "Jansa, Vlastimil"]
[Black "Csom, Istvan"]
[Result "1/2-1/2"]
[WhiteElo "2535"]
[BlackElo "2540"]

1.e4 c5 2.Nf3 Nc6 3.Bb5 g6 4.O-O Bg7 5.c3 Nf6 6.Re1 O-O 7.h3 Ne8 8.d4 Qb6
9.Bxc6 bxc6 10.b3 cxd4 11.cxd4 Nc7 12.Nc3 d6 13.Bg5 Re8 14.Rc1 Nb5 15.Na4 Qa6
16.Qd2 Bd7 17.e5 Be6 18.Bh6 Bh8 19.Qf4 Bd5 20.Ng5 f6 21.exf6 exf6 22.Ne4 Bxe4
23.Rxe4 f5 24.Rxe8+ Rxe8 25.Kh1 Bxd4 26.Qf3 Re4 27.g4 Qc8 28.Kg2 c5 29.Qd3 Qe8
30.gxf5 gxf5 31.Kg1 Re1+ 32.Kg2 Qg6+ 33.Qg3 Rxc1 34.Bxc1 Kf7 35.Bf4 Qxg3+
36.fxg3 Ke6 37.Kf3 h5 38.g4 fxg4+ 39.hxg4 hxg4+ 40.Kxg4 Be5 41.Be3 Kd5 42.Kf3 Bd4
43.Bd2 Ke5 44.Bf4+ Kd5 45.Bh6 Be5 46.Ke3 c4 47.Kd2 cxb3 48.axb3 Nd4 49.Nc3+ Kc6
50.b4 Nb5 51.Ne2 Na3 52.Nc3 Nb5 53.Ne2 Nc7 54.Kc2 a6 55.Bd2 Ne6 56.Kb3 Kd5
57.Nc1 Nd4+ 58.Ka4 Kc4 59.Ka5 d5 60.Kxa6 Bd6 61.Kb6 Nf3 62.Kc6 Bf8 63.Bf4 Nd4+
64.Kd7 Bxb4 65.Bg5 Ba3 66.Be3 Nf5 67.Bd2 Ng3 68.Ke6 Ne4 69.Bh6 Nc3 70.Kf5 d4
71.Kg4 Bb4 72.Kf3 Nd5 73.Bg7  1/2-1/2

[Event "Arrecife de Lanzarote"]
[Site "Arrecife de Lanzarote"]
[Date "1974.??.??"]
[Round "2"]
[White "Garcia Martinez, Silvino"]
[Black "Visier Segovia, Fernando"]
[Result "1-0"]
[WhiteElo "2450"]
[BlackElo "2345"]

1.e4 c5 2.Nf3 Nc6 3.Bb5 g6 4.O-O Bg7 5.Re1 e5 6.Bxc6 bxc6 7.c3 Ne7 8.d4 cxd4
9.cxd4 exd4 10.Nxd4 O-O 11.Nc3 Rb8 12.Nb3 d5 13.Bg5 f6 14.Bf4 Rb7 15.Qc2 dxe4
16.Nxe4 Bf5 17.Rad1 Rd7 18.Qc4+ Kh8 19.Nd6 Nc8 20.Qxc6 Nxd6 21.Rxd6 Re8 22.Rxe8+ Qxe8
23.Be3 Re7 24.Qxe8+ Rxe8 25.h3 Be6 26.Bxa7 f5 27.Rd2 Bxb3 28.axb3 Re1+ 29.Kh2 Be5+
30.g3 f4 31.b4 fxg3+ 32.fxg3 h5 33.Kg2 Rb1 34.Kf3 Kg8 35.b5 Bxb2 36.Bf2 Be5
37.b6 Kf7 38.Rc2 Rb3+ 39.Ke4 Bd6 40.Kd5 Ke7 41.Kc6 Bb8 42.b7 h4 43.gxh4 Rxh3
44.Bb6 Rxh4 45.Bc7 Ba7 46.Re2+ Kf7 47.Ra2 Rc4+ 48.Kd7  1-0

[Event "DSV-Turnier"]
[Site "Halle"]
[Date "1974.??.??"]
[Round "?"]
[White "Ciocaltea, Victor"]
[Black "Paehtz, Thomas Sr"]
[Result "1/2-1/2"]
[WhiteElo "2470"]
[BlackElo "2480"]

1.e4 c5 2.Nf3 Nc6 3.Bb5 g6 4.O-O Bg7 5.c3 e5 6.d4 cxd4 7.cxd4 exd4 8.Bf4 Nge7
9.Bd6 O-O 10.Nbd2 a6 11.Bd3 b6 12.Re1 Bb7 13.Qb3 Na5 14.Qa3 Re8 15.b4 Nac6
16.Qb3 Nc8 17.Bg3 Qe7 18.a3 b5 19.e5 Nb6 20.Be4 Rac8 21.Qd3 Nc4 22.Bd5 Nxb4
23.Bxf7+ Qxf7 24.axb4 Qd5 25.Ne4 Nxe5 26.Bxe5 Bxe5 27.Nc5 Bc6 28.Rxa6 Bxh2+
29.Kxh2 Qh5+ 30.Kg1 Bxf3 31.Raa1 Bc6 32.Qxd4 Qg5 33.Re4 Rxe4 34.Nxe4 Bxe4
35.Qxe4 Rc1+ 36.Rxc1 Qxc1+ 37.Kh2 Qh6+ 38.Kg1 Qc1+ 39.Kh2 Qc6 40.Qe8+ Kg7
41.Qe7+  1/2-1/2

[Event "Madonna di Campiglio"]
[Site "Madonna di Campiglio"]
[Date "1974.??.??"]
[Round "4"]
[White "Sax, Gyula"]
[Black "Janosevic, Dragoljub"]
[Result "1-0"]
[WhiteElo "2460"]
[BlackElo "2415"]

1.e4 c5 2.Nf3 Nc6 3.Bb5 g6 4.O-O Bg7 5.c3 Nf6 6.Re1 O-O 7.d4 cxd4 8.cxd4 d5
9.e5 Ne4 10.Nc3 Nxc3 11.bxc3 Na5 12.Qa4 a6 13.Bf1 Bg4 14.Nd2 Rc8 15.Nb3 Nxb3
16.Qxb3 Qc7 17.Bd2 Rfd8 18.Rab1 Rd7 19.Rb2 Bf5 20.Be2 h5 21.h3 h4 22.Rc1 f6
23.exf6 Bxf6 24.Qd1 Qc6 25.Bf3 Qd6 26.Qe2 Qa3 27.Rxb7 Rd6 28.Bf4 Rdd8 29.Bg4 Bxg4
30.Qxg4 Kf7 31.Re1 Rc6 32.Bg5 Qxc3 33.Rexe7+ Kg8 34.Qxh4 Qc1+ 35.Kh2  1-0